Quizzes
Events
Quiz Creation
Community
Videos
Private Events
Remove Ads
Sign In
Join for FREE
Feedback
Dark Mode
Quiz Categories
Sports
Geography
Music
Movies
Television
Just For Fun
Miscellaneous
History
Literature
Language
Science
Gaming
Entertainment
Religion
Holiday
For Kids
Quiz Lab
Recent
Popular Today
Quiz Kudos Today
Editor Picks
Curator Picks
Quizzes by...
Day
Popularity
Type
Ratings
Length
Year
Community
Subscriptions
Recent Discussions
Orange Saloon
Badges
Playlists
Quests
Create
Leaderboards
Showdown
Live 5
Trivia Bingo
Activity
Puzzle Library
Sporcle Events
Private Events
Virtual Trivia
Globe League
Become a Host
Pub Owners
SporcleCon
Opinionation
Our Games
Videos
Blog
Mobile Apps
Partnerships
Remove Ads and Go Orange
Feedback
Geography
Country
Landmarks
City
State
Population
World
Capital
Continent
Flags
Europe
Africa
Asia
South America
North America
Oceania
Border
Canada
United Kingdom
Topography
United States
Geography
Country
Landmarks
City
State
Population
World
Capital
Continent
Flags
Europe
Africa
Asia
South America
North America
Oceania
Border
Canada
United Kingdom
Topography
United States
Random Quiz
Search Sporcle
×
Quiz Lab
Quiz Lab
Geography
Speed
Type in answers that appear in a list
Type in answers that appear in a list
Classic
Best Score? Go Orange.
Speed Geography Stats
Can you name the Speed Geography
By
jimmysquizzes
3m
21 Questions
59 Plays
59 Plays
59 Plays
Comments
Comments
Give Quiz Kudos
Give Quiz Kudos
-
- Ratings
hide this ad
Replay
Link that replays current quiz
Next Quiz
Link to next quiz in quiz playlist
You Got
0%
They Got
Avg Score
92%
Avg Friend Score
Upgrade to see
Score Distribution
Jump to the score distribution portion of the page
Score
0/21
Timer
03:00
0
Plays Today
Hint
Answer
% Correct
what is North Americas tallest mountain a) Mt. McKinley b) Mt. Logan c) Mt. Washington
a
100%
the largest country is a) U.S.S.R. b) Indonesia c) Korea
a
100%
the newest country is a) Germany b) USA c) Canada
a
100%
the worlds tallest building is in a) Dubai b) Norwalk c) Lethbridge
a
100%
Jesus was born in a) Bethlehem b) Jaffna c) Jericho
a
100%
Camden a) New Jersey b) Massachusetts c) Pennsylvania
a
100%
Old Faithful is in a) Bryce Canyon N.P. b)Hot Springs N.P. c) Yellowstone N.P.
100%
CONGRADULATIONS!!! You just won 1,000,000 Dollars! Go to the bank now!
100%
Metlife Stadium is in a) Newark b) East Rutherford c) Elizabeth
100%
CN stands for a) Canadian National b) Carson City Nevada c) Croatian Nuts
a
100%
what is the worlds longest river a) Nile b) Amazon c) Ching Jiang
b
86.4%
Hint
Answer
% Correct
what city hosted the 1998 Summer Olympics a) Macon b) Atlanta c) Rome
b
86.4%
the tallest mountain in the world is in a) the Southern Ocean b) the Indian Ocean c) Pacific Ocean
c
86.4%
name a country that is not a word a) China b) Sudan c) Wales
b
86.4%
the northernmost city that has over 1,000,000 people is a) Paris b) London c) Edmonton
c
86.4%
the birthplace of Albert Einstein is a) Bonn b) Essen c) Munich
b
86.4%
which country has one of the top 10 largest world cities a) Palestine b) Barbados c) Bangladesh
c
86.4%
Yezrzons 19 largest city is a) Cape Lark b) Hetrzon City c) St. Xavier
b
86.4%
London a) Holland b) Australia c) Canada
c
86.4%
South Africa has a) 1 b) 3 c) 2 capitals
b
86.4%
in North America there is 2 official languages in a) USA b) Bahamas c) Canada
c
86.4%
Quiz Playlist
Details
Report
Send in Message
Add To Playlist
Classic:
Type in answers that appear in a list
Last Updated: Feb 16, 2017
Quiz Scoreboard
CHALLENGE
Sign Up to Join the Scoreboard
Show All
Scores
Hide
Comments
May contain spoilers
Recently Published
Movies - When Are They Set?
by FPL_Elf
Movies
5m
Popular People in 1961
by mucciniale
History
6m
1-10 Letter E Words III
by El_Dandy
Language
2m
More to Explore
Quiz From the Vault
Featured Blog Post
Where Did the Easter Bunny Come From?
hide this ad
You Might Also Like...
Tags
Speed
Today's Top Quizzes in Geography
Browse Geography
hide this ad
Today's Top Quizzes in Speed
Browse Speed
Top Contributed Quizzes in Geography
1
Countries of the World - No Outlines Minefield
2
Top 25 Cities of France on a map
3
Closest Countries to UK A-Z
4
One Thing in Common: United Kingdom
5
Blind Secret Country CLXXXVIII
6
Blind Ultimate Minefield: USA
7
African Flag Reveal XLV
8
Find the US States - No Outlines
9
One Thing in Common: Asia
10
Find the Provinces of Canada - No Outlines Minefield
Explore More
Trending Topics
Harry Potter
Disney
Anime
Crossword
Kpop
Marvel
NBA
The Office
Song
Pokémon
Soccer
Country
Puzzle
NFL
WWE
hide this ad
More By:
jimmysquizzes
Quiz
Plays
Rating
Category
Featured
Created
WWE Signature Moves
338
2.00
Sports
Aug 8, 2014
Nickelodeon Characters Hair Colour
193
2.33
Television
Jul 27, 2014
top 5 largest cities in each Canadian province
174
2.30
Geography
Jul 30, 2014
Largest Cities on Islands
163
1.73
Geography
Oct 2, 2014
Main Characters on Nickelodeon
110
1.33
Television
Jul 27, 2014
Go to Creator's Profile
Score Distribution
Quiz Creator Spotlight
jimmysquizzes
Follow
Send a Message
Quizzes Created
-
Created Quiz Play Count
-
More By This Creator
Popular Quizzes Today
1
Find the Countries of Europe - No Outlines Minefield
2
Find the US States - No Outlines Minefield
3
The Countries of the World
4
Popular People in 1961
5
1-10 Letter E Words III
6
US States
7
Find the US States
8
One Thing in Common: World Cities II
More Geography Quizzes
Capitals of Oceania
Published
Trending Quizzes
Risky Map Clicking: Least Populous States A-Z
1-10 Letter F Words
Humor Books: The Subtitles
1-10 Letter G Words
One Thing in Common: United Kingdom
Recently Updated
Leaping Animals
pecheneg
Reality TV Shows (A-Z)
bhenderson79
Rickey Henderson's Hall of Fame Teammates
pecheneg
Champions League XIs: Arsenal
pecheneg
Quick Pick: Celebrities in WWE's Hall of Fame
aduchscher
A-Z Keypad Blitz II
pecheneg
Multiple Oscar Actors
pecheneg
Mystery Phrase Blitz: Oscar 'Best Actors'
pecheneg
F. Scott Fitzgerald Novels
LTH
Pick 3 Villains
ddd62291
Trending Topics
NBA
Marvel
Crossword
Anime
Disney
Harry Potter
Kpop
WWE
Country
Pokémon
Song
Soccer
The Office
NFL
Puzzle
Your Account Isn't Verified!
In order to create a playlist on Sporcle, you need to verify the email address you used during registration. Go to your
Sporcle Settings
to finish the process.
Report this User
Report this user for behavior that violates our
Community Guidelines
.
Details:
Send Report
Go to the Sporcle.com Mobile Site →
Comments